000 00643cam a2200145 4500500
005 20260426010548.0
041 _afre
042 _adc
100 1 0 _aCottin, Jérôme
_eauthor
245 0 0 _aStephan Goldschmdt, Gottesdienste mit Symbolen, Göttingen, Vanden-hoeck & Ruprecht, coll. « Dienst am Wort, n° 102 », 2005. 19 cm. 111 p. ISBN 3-525-59510-7. € 12, 90
260 _c2005.
500 _a8
786 0 _nÉtudes théologiques et religieuses | 80 | 3 | 2005-09-01 | p. 431i-454i | 0014-2239
856 4 1 _uhttps://shs.cairn.info/revue-etudes-theologiques-et-religieuses-2005-3-page-431i?lang=fr&redirect-ssocas=7080
999 _c2222522
_d2222521